Les romans et nouvelles de la Comédie humaine (Balzac) - Statistiques

Statistiques générales
  • Ce quiz a été pris 708 fois
    686 depuis la dernière actualisation
  • Le résultat moyen est 28 sur 97
Statistiques - réponses
Année Titre % Correct
1835 Le Père Goriot
92%
1833 Eugénie Grandet
70%
1843 Illusions perdues (Eve et David ou les Souffrances de l'inventeur)
69%
1837 Illusions perdues (Les Deux Poètes)
69%
1939 Illusions perdues (Un grand homme de province à Paris)
69%
1835 Le Colonel Chabert
69%
1831 La Peau de chagrin
68%
1836 Le Lys dans la vallée
67%
1846 La Cousine Bette
65%
1847 Le Cousin Pons
62%
1829 Les Chouans
59%
1847 Splendeurs et misères des courtisanes
57%
1834 La Duchesse de Langeais
45%
1830 La Maison du chat-qui-pelote
42%
1831 Le Chef-d'oeuvre inconnu
42%
1837 César Birotteau
41%
1833 Le Médecin de campagne
41%
1938 La Maison Nucingen
40%
1834 La Femme de trente ans
38%
1835 La Fille aux yeux d'or
38%
1832 Le Curé de Tours
38%
1830 Gobseck
36%
1841 Une ténébreuse affaire
36%
1841 Ursule Mirouët
34%
1847 La Dernière Incarnation de Vautrin
32%
1831 L'Auberge rouge
32%
1842 La rabouilleuse
31%
1834 Ferragus
29%
1841 Un Curé de village
29%
1836 La Vieille Fille
28%
1844 Modeste Mignon
28%
1842 Un épisode sous la Terreur
28%
1844 Gaudissart II
27%
1843 La Muse du département
27%
1833 L'Illustre Gaudissart
27%
1939 Autre étude de femme
26%
1831 La Grande Bretèche
26%
1830 Etude de femme
25%
1833 La Femme abandonnée
25%
1835 Le Contrat de mariage
25%
1840 Pierrette
24%
1939 Traité des excitants modernes
24%
1837 Facino Cane
23%
1834 La recherche de l'absolu
23%
1841 Mémoires de deux jeunes mariées
23%
1830 Le Bal de Sceaux
22%
1840 Z. Marcas
22%
1847 A combien l'amour revient aux vieillards
21%
1939 Béatrix
21%
1830 La Paix du ménage
21%
1832 Louis Lambert
21%
1938 Le Cabinet des Antiques
20%
1829 Physiologie du mariage
20%
1831 Sarrasine
20%
1833 Théorie de la démarche
20%
1844 Un homme d'affaire
20%
1830 Adieu !
19%
1843 Honorine
19%
1842 La Fausse Maîtresse
19%
1939 Les secrets de la princesse de cadignan
19%
1848 L'initié
19%
1835 Melmoth réconcilié
19%
1939 Pierre Grassou
19%
1938 Une fille d'Eve
19%
1842 Albert Savarus
18%
1830 El Verdugo
18%
1831 Jésus-Christ en Flandre
18%
1832 La Bourse
18%
1837 La Messe de l'athée
18%
1831 L'Elixir de longue vie
18%
1938 Les Employés ou le Femme supérieure
18%
1836 L'interdiction
18%
1832 Madame Fimiani
18%
1834 Séraphita
18%
1830 Une double famille
18%
1830 Une passion dans le désert
18%
1837 Gambara
17%
1830 La Vandetta
17%
1831 Le Réquisitionnaire
17%
1831 Les Proscrits
17%
1846 Madame de la Chanterie
17%
1832 Maître Cornélius
17%
1844 Sur Catherine de Médicis
17%
1830 Traité de la vie élégante
17%
1844 Un début dans la vie
17%
1834 Un drame au bord de la mer
17%
1833 La Grenadière
16%
1833 Le Message
16%
1846 Les Comédiens sans le savoir
16%
1830 Petites misères de la vie conjugale
16%
1840 Un prince de la bohème
16%
1837 Les confidences de Ruggieri
15%
1834 Les Marana
15%
1939 Massimilia Doni
15%
1847 Où mènent les mauvais chemins
15%
1831 L'Enfant maudit
14%
1830 Les Deux Rêves
14%
Aucun quiz correspondant
Distribution des résultats
% des personnes avec chaque résultat
Percentile par nombre de réponses
Votre historique - résultats
Vous n’avez pas pris ce quiz depuis la dernière actualisation